=LDR 00000nam 2200000 4500 =001 INLIS000000000003039 =005 20130612091342 =008 ***********************************Ind** =035 ##$$0010-061300000003039 =041 ##$$a Ind =082 ##$$a 2X4.12 =090 ##$$a 2X4.12, Raf b =100 ##$$a Rafi'udin =245 ##$$a Bimbingan shalat lengkap wajib dan sunnat / Rafi'udin. -- =260 ##$$a 1999 $b Jakarta : Salam =300 ##$$a 192 hlm. ; 21 cm =650 ##$$a Bimbingan shalat =850 ##$$a NBPNMAT